000 00281nam a2200109Ia 4500
008 230206s9999 xx 000 0 und d
022 _a0972-3528
041 _aeng
100 _aNandy D, Ed.
_9119226
245 _aThe Management Accountant
260 _bCMA Dr AS Durga Prasad
_aKolkata
999 _c97677
_d97677